1987 1662 1241 1649 1071 1535 1386 1087 1255 1749 1484 1920 1401 1692 1839 1814 1116 1632 1319 1860 1131 1222 1215 1309 1998 1762 1144 1038 1211 1301 1419 1877 1590 1892 1789 1300 1144 1437 1832 1831 1805 1310 1273 1495 1077 1534 1911 1031 1919 1409 1674 1628 1232 1179 1811 1894 1602 1565 1552 1360 1856 1126 1305 1266 1081 1932 1386 1574 1624 1683 1763 1050 1780 1241 1676 1963 1495 1298 1246 1023 1240 1083 1513 1244 1410 1571 1503 1538 1237 1616 1380 1444 1667 1675 1306 1241 1653 1171 1982 BCNSPRNW ULIB Ver.6.0+V

เปลี่ยนเป็นภาษาไทย

Change to English
 แสดงรายละเอียดบรรณานุกรม
  กลับหน้าหลัก

Brief Record : Get Marc (ISO 2709) : E-mail record : QR code < ปิดหน้าต่าง
LEADER : 00000nam 2200000uu 4500
001    13399128459
003     ULIB
008    230829s||||||||th 000 0 tha d
020    ^a9786164436114
060 04 ^aWJ752^bต367
245 00 ^aตำราการผ่าตัดและการรักษาโรคมะเร็งต่อมลูกหมาก =^bTextbook ofsurgical managemenent and intervention in prostate cancer/^cวิสูตร คงเจริญสมบัติ, บรรณาธิการ
246 31 ^aTextbook of surgical managemenent and intervention inprostate cancer
250    ^aพิมพ์ครั้งที่ 1
260    ^aกรุงเทพฯ :^bโครงการตำรารามาธิบดีคณะแพทยศาสตร์โรงพยาบาลรามาธิบดี มหาวิทยาลัยมหิดล,^c2564
300    ^axxii, 513 หน้า :^bภาพประกอบ ;^c27 ซม.
650  4 ^aต่อมลูกหมาก^xการรักษา
650  4 ^aต่อมลูกหมากโต^xมะเร็ง
650  4 ^aต่อมลูกหมาก, โรค
710 2  ^aมหาวิทยาลัยมหิดล.^bคณะแพทยศาสตร์โรงพยาบาลรามาธิบดี.^bโครงการตำรารามาธิบดี
945    ^p990^l0^i29669
945    ^p990^l0^i29670
999    ^aกัณชพร จุลอักษร
รายการนี้ยังไม่มีแท็ก
คุณยังไม่ได้ล็อกอิน คุณสามารถมีกิจกรรมร่วมกับเว็บไซต์ได้ แต่ต้องล็อกอินก่อน ::
  ล็อกอิน

รายการสื่อสารสนเทศ

ลำดับที่ ประเภท เลขเรียก/บาร์โค้ด สถานที่ สถานะ
1. หนังสือสำรอง
หนังสือสำรอง
WJ752 ต367 ฉ.1 
  Barcode: 29669
ห้องสมุดวิทยาเขตนครสวรรค์
►หนังสือทั่วไป:l:General Books
ถูกยืม กำหนดส่งวันที่ 17 ธันวาคม 2568
  จอง
2. วิทยาศาสตร์การแพทย์ และสุขภาพ
วิทยาศาสตร์การแพทย์ และสุขภาพ
WJ752 ต367 ฉ.2 
  Barcode: 29670
ห้องสมุดวิทยาเขตนครสวรรค์
►หนังสือทั่วไป:l:General Books
บนชั้น

รายการใกล้เคียง
    หัวเรื่อง [ต่อมลูกหมาก, โรค]

BibComment


ยังไม่เคยถูกคอมเมนท์

คอมเมนท์ทรัพยากรรายการนี้
  คอมเมนท์: ตำราการผ่าตัดและ..


 Copyright 2026. Bcnsprnw @Library